[Event "Match"]
[Site "www.echecsemail.com"]
[Date "2017.11.10"]
[Round "1"]
[White "Joaodelisboa"]
[Black "Darknight"]
[WhiteElo "1839"]
[BlackElo "1810"]
[Result "1-0"]
[Round "1"]
1.e4 e5
2.Ng1f3 d6
3.d4 exd4
4.Nf3xd4 h6
5.Bf1c4 Ng8f6
6.Nb1c3 c6
7.O-O a6
8.Rf1e1 Bc8g4
9.f3 Bg4h5
10.Bc1f4 Qd8c7
11.e5 Bf8e7
12.Kh1 dxe5
13.Bf4xe5 Qc7b6
14.Nd4f5 Rh8g8
15.Be5d6 Nf6d5
16.Nc3xd5 cxd5
17.Re1xe7 Kd8
18.Bd6c7 Qb6xc7
19.Re7xc7 Kxc7
20.Qd1xd5 Bh5g6
21.Qd5d6 Kc8
22.Nf5e7 
1-0

[Event "Match"]
[Site "www.echecsemail.com"]
[Date "2017.11.10"]
[Round "1"]
[White "Gimmyg"]
[Black "Gidi5"]
[WhiteElo "2520"]
[BlackElo "2340"]
[Result "1-0"]
[Round "1"]
1.b3 Ng8f6
2.Bc1b2 e6
3.e3 Bf8e7
4.Ng1f3 O-O
5.d4 d6
6.Bf1d3 Nb8d7
7.c4 b6
8.O-O Bc8b7
9.Nb1c3 c5
10.Ra1c1 cxd4
11.exd4 e5
12.Rf1e1 exd4
13.Nf3xd4 Nd7e5
14.Nd4f5 Ne5g6
15.Nf5xe7 Ng6xe7
16.Nc3b5 Nf6e8
17.Qd1c2 h6
18.Re1e3 f6
19.Qc2e2 Ne7c6
20.Qe2f3 Nc6a5
21.Qf3f5 { resign }
1-0

[Event "Tourn. n9610"]
[Site "www.chess-mail.com"]
[Date "2017.11.11"]
[Round "1"]
[White "Apdash"]
[Black "Fantomas"]
[WhiteElo "2240"]
[BlackElo "2140"]
[Result "1-0"]
[Round "1"]
1.e4 e6
2.d4 c5
3.Ng1f3 cxd4
4.Nf3xd4 Nb8c6
5.Bc1f4 Qd8f6
6.Bf4e3 Ng8e7
7.Bf1e2 Ne7g6
8.O-O Bf8e7
9.f4 e5
10.fxe5 Qf6xe5
11.Be2c4 f6
12.Bc4d5 Nc6xd4
13.Be3xd4 Qe5c7
14.c4 Be7c5
15.Kh1 d6
16.Nb1c3 Bc8d7
17.b4 Bc5xd4
18.Qd1xd4 Ng6e5
19.a3 a6
20.Ra1c1 Ra8c8
21.Nc3e2 Ke7
22.c5 Bd7b5
23.Rf1e1 Rh8d8
24.Ne2f4 Bb5d7
25.Bd5g8 Ke8
26.Nf4d5 Qc7c6
27.Nd5b6 Rc8c7
28.Bg8b3 Qc6b5
29.Qd4d5 { resign }
1-0

[Event "Tourn. n9439"]
[Site "www.chess-mail.com"]
[Date "2017.11.11"]
[Round "1"]
[White "Azulmarino"]
[Black "Osopanda"]
[WhiteElo "1600"]
[BlackElo "1610"]
[Result "1-0"]
[Round "1"]
1.e4 c5
2.c4 d6
3.Nb1c3 Nb8c6
4.d3 e6
5.Bc1f4 Ng8f6
6.Ng1f3 Bf8e7
7.Bf1e2 O-O
8.h3 Nc6d4
9.O-O a6
10.Bf4e3 Ra8b8
11.Be3xd4 cxd4
12.Nf3xd4 Bc8d7
13.Nd4f3 Qd8c7
14.b3 b5
15.Qd1c1 bxc4
16.dxc4 Rf8c8
17.Qc1g5 Bd7c6
18.Nf3h2 Nf6xe4
19.Nc3xe4 Bc6xe4
20.Qg5g4 Be4f5
21.Qg4g3 Be7f6
22.Ra1d1 Bf6e5
23.Qg3g5 Bf5g6
24.Be2d3 d5
25.Bd3xg6 fxg6
26.Nh2g4 Be5f6
27.Qg5e3 dxc4
28.bxc4 Qc7xc4
29.Ng4e5 Qc4xa2
30.Rd1d2 Rb8b2
31.Rd2xb2 Qa2xb2
32.Ne5d3 Qb2b5
33.Rf1c1 Rc8xc1
34.Nd3xc1 Qb5c4
35.Nc1d3 Bf6d4
36.Nd3b2 Qc4d5
37.Qe3a3 a5
38.Qa3a4 Qd5d8
39.Nb2d3 e5
40.Nd3e1 Kf7
41.Ne1f3 h6
42.Qa4b3 Kf6
43.g4 g5
44.Qb3d3 Qd8c8
45.Qd3a3 Qc8c6
46.Qa3f8 Kg6
47.Qf8f5 { resign }
1-0

[Event "Tourn. n9578"]
[Site "www.chess-mail.com"]
[Date "2017.11.11"]
[Round "1"]
[White "Tevere"]
[Black "Caspito"]
[WhiteElo "1920"]
[BlackElo "1920"]
[Result "1-0"]
[Round "1"]
1.d4 Ng8f6
2.c4 g6
3.Nb1c3 Bf8g7
4.e4 d6
5.Ng1f3 Bc8g4
6.h3 Bg4xf3
7.Qd1xf3 c6
8.Bf1e2 O-O
9.O-O e5
10.d5 c5
11.Bc1g5 Nb8d7
12.b3 a6
13.Ra1d1 Qd8a5
14.Kh2 Nf6h5
15.Bg5e7 Rf8e8
16.Be7h4 Nh5f4
17.Rf1e1 Nf4xe2
18.Re1xe2 b5
19.Rd1c1 bxc4
20.bxc4 Qa5b4
21.Rc1b1 Qb4xc4
22.Rb1b7 Nd7f6
23.Bh4xf6 Bg7xf6
24.Qf3xf6 Re8f8
25.Re2e3 Ra8b8
26.Rb7d7 Qc4d4
27.Re3f3 Qd4d2
28.Qf6xd6 Qd2g5
29.Rd7xf7 Qg5h6
30.Qd6e6 Kh8
31.Qe6xe5 Kg8
32.Qe5e6 Kh8
33.d6 Rb8e8
34.Qe6f6 Kg8
35.Nc3d5 { resign }
1-0

[Event "Tourn. n9515"]
[Site "www.chess-mail.com"]
[Date "2017.11.11"]
[Round "1"]
[White "Francesco"]
[Black "Add"]
[WhiteElo "2130"]
[BlackElo "2230"]
[Result "1-0"]
[Round "1"]
1.e4 e5
2.Ng1f3 d6
3.d4 exd4
4.Nf3xd4 h6
5.Bf1c4 Ng8f6
6.Nb1c3 Bc8g4
7.Bc4e2 Bg4xe2
8.Qd1xe2 Nb8d7
9.Bc1e3 c6
10.O-O Bf8e7
11.Rf1d1 O-O
12.Nd4f5 Nd7e5
13.Rd1d2 b6
14.Ra1d1 Nf6e8
15.Nf5xe7 Qd8xe7
16.f4 Ne5d7
17.Qe2c4 Nd7c5
18.Be3xc5 bxc5
19.Qc4a4 Qe7c7
20.Qa4c4 Ra8b8
21.b3 Rb8b4
22.Qc4e2 f6
23.Qe2g4 f5
24.exf5 d5
25.g3 Ne8f6
26.Qg4f3 Nf6e4
27.Nc3xe4 Rb4xe4
28.c4 Rf8e8
29.cxd5 cxd5
30.Rd2xd5 Qc7c6
31.Rd5d2 Qc6f6
32.Rd2d5 Re4d4
33.Rd5xc5 Rd4xd1
34.Qf3xd1 Re8d8
35.Rc5d5 Qf6b6
36.Kf1 Qb6a6
37.Ke1 Rd8e8
38.Rd5e5 Qa6a5
39.Kf2 Re8xe5
40.fxe5 Qa5xe5
41.Qd1c2 Qe5d4
42.Kf3 h5
43.Qc2c4 Qd4xc4
44.bxc4 Kf7
45.Ke4 Ke7
46.Ke5 Kd7
47.Kd5 Ke7
48.c5 Kd7
49.h3 a6
50.g4 { resign }
1-0

[Event "Tourn. n9593"]
[Site "www.chess-mail.com"]
[Date "2017.11.11"]
[Round "1"]
[White "Cristiano"]
[Black "Libiesse"]
[WhiteElo "1770"]
[BlackElo "1840"]
[Result "1-0"]
[Round "1"]
1.e4 c5
2.Ng1f3 e6
3.d4 cxd4
4.Nf3xd4 Ng8f6
5.Nb1c3 Nb8c6
6.Bc1e3 Bf8b4
7.Bf1d3 d5
8.f3 e5
9.Nd4xc6 bxc6
10.Be3d2 d4
11.Nc3b1 Qd8a5
12.O-O O-O
13.Bd2xb4 Qa5xb4
14.b3 a5
15.a3 Qb4b6
16.Nb1d2 Bc8e6
17.Kh1 Ra8a7
18.Bd3c4 Be6xc4
19.Nd2xc4 Qb6c7
20.a4 Nf6d7
21.Nc4b2 c5
22.Nb2d3 Rf8b8
23.f4 c4
24.bxc4 Qc7xc4
25.fxe5 Nd7c5
26.Qd1d2 Nc5xe4
27.Qd2e2 Ne4c3
28.Qe2f2 Rb8b6
29.Qf2h4 Ra7a8
30.Qh4f2 Rb6h6
31.Qf2f3 Ra8b8
32.h3 Nc3d5
33.Qf3xf7 { resign }
1-0

[Event "Tourn. n9604"]
[Site "www.chess-mail.com"]
[Date "2017.11.11"]
[Round "1"]
[White "Add"]
[Black "Apdash"]
[WhiteElo "2190"]
[BlackElo "2280"]
[Result "0-1"]
[Round "1"]
1.c4 e5
2.Nb1c3 Ng8f6
3.e4 c6
4.a3 d5
5.cxd5 cxd5
6.exd5 Nf6xd5
7.d3 Nb8c6
8.Bc1d2 Bc8e6
9.h3 Bf8e7
10.Ng1f3 O-O
11.Bf1e2 Qd8d7
12.O-O f5
13.Bd2g5 Be7d6
14.Nc3xd5 Be6xd5
15.Bg5e3 f4
16.Be3d2 Rf8f6
17.Nf3h2 Nc6d4
18.f3 Rf6g6
19.Kh1 Nd4f5
20.Bd2e1 Nf5e3
21.Qd1d2 Ne3xf1
22.Be2xf1 Bd6c5
23.Be1f2 Bc5xf2
24.Qd2xf2 Rg6b6
25.Nh2g4 Ra8e8
26.Qf2e2 Qd7c7
27.b4 Rb6c6
28.Ng4f2 Rc6c2
29.Qe2e1 Qc7c6
30.Nf2e4 Bd5xe4
31.dxe4 Re8c8
32.Ra1d1 Rc2c1
33.b5 Rc1xd1
34.Qe1xd1 Qc6c1
35.Qd1d5 Kh8
{ resign }
0-1

[Event "Match"]
[Site "www.echecsemail.com"]
[Date "2017.11.11"]
[Round "1"]
[White "Et1"]
[Black "Pinehill"]
[WhiteElo "1809"]
[BlackElo "2060"]
[Result "0-1"]
[Round "1"]
1.b3 d5
2.Bc1b2 Bc8f5
3.e3 e6
4.h3 Ng8f6
5.g4 Bf5g6
6.Bf1g2 c6
7.d3 Bf8e7
8.Ng1f3 Nb8d7
9.Nf3h4 O-O
10.Nh4xg6 fxg6
11.Nb1d2 e5
12.f4 exf4
13.exf4 h5
 { time }
0-1

[Event "Match"]
[Site "www.echecsemail.com"]
[Date "2017.11.11"]
[Round "1"]
[White "Mozgegorov"]
[Black "Bjonil60"]
[WhiteElo "999"]
[BlackElo "1500"]
[Result "1-0"]
[Round "1"]
1.e4 Nb8c6
2.Ng1f3 e6
3.d4 a6
4.a3 Qd8e7
5.Nb1c3 d6
6.Bc1g5 f6
7.Bg5e3 e5
8.d5 Nc6a7
9.h3 h6
10.Bf1c4 b5
11.Bc4a2 g6
12.Nf3h4 g5
13.Nh4g6 Qe7f7
14.Ng6xh8 Qf7g7
15.Qd1h5 Ke7
16.Nh8g6 Kd7
17.O-O-O Bc8b7
18.Ng6xf8 Qg7xf8
19.Qh5g4 Ke7
20.b4 Kf7
21.Nc3e2 c6
22.dxc6 Kg7
23.cxb7 Ra8b8
24.Ba2d5 Ng8e7
25.Qg4e6 Kg6
26.h4 Qf8h8
27.Qe6f7 
1-0

[Event "Match"]
[Site "www.echecsemail.com"]
[Date "2017.11.11"]
[Round "1"]
[White "Whitekknight"]
[Black "Et1"]
[WhiteElo "1950"]
[BlackElo "1809"]
[Result "1-0"]
[Round "1"]
1.d4 Ng8f6
2.Nb1c3 c6
3.e4 d6
4.Ng1f3 Bc8g4
5.Bf1e2 Nb8d7
6.Bc1e3 Nd7b6
7.O-O h6
8.h3 Bg4d7
9.e5 dxe5
10.dxe5 Nf6d5
11.Nc3xd5 Nb6xd5
12.Be3d4 e6
13.c4  { time }
1-0

[Event "Match"]
[Site "www.echecsemail.com"]
[Date "2017.11.11"]
[Round "1"]
[White "Cal"]
[Black "Lion123"]
[WhiteElo "1680"]
[BlackElo "1499"]
[Result "1-0"]
[Round "1"]
1.e4 e5
2.a3 Ng8f6
3.d3 d5
4.Bc1g5 dxe4
5.Bg5xf6 Qd8xf6
6.dxe4 Bf8c5
7.Ng1f3 Qf6b6
{ time. }
1-0

[Event "Match"]
[Site "www.echecsemail.com"]
[Date "2017.11.11"]
[Round "1"]
[White "Joaodelisboa"]
[Black "Whitekknight"]
[WhiteElo "1929"]
[BlackElo "1950"]
[Result "1-0"]
[Round "1"]
1.e4 e5
2.Ng1f3 Nb8c6
3.d4 exd4
4.Nf3xd4 d6
5.Bf1c4 Ng8f6
6.Nb1c3 h6
7.O-O Bf8e7
8.h3 O-O
9.Bc1e3 Nc6e5
10.Bc4b3 Kh7
11.f4 Ne5g6
12.f5 Ng6e5
13.Qd1d2 Nf6g8
14.Nc3d5 Be7g5
15.Be3xg5 Qd8xg5
16.Qd2xg5 hxg5
17.Nd5xc7 Ra8b8
18.Nc7b5 Ne5c6
19.Nd4xc6 bxc6
20.Nb5xd6 Ng8h6
21.Ra1d1 Rb8b4
22.c3 Rb4b8
23.Nd6xc8 Rb8xc8
24.Rd1d7 a5
25.g4 f6
26.Rf1d1 Rf8e8
27.Bb3e6 Kh8
28.b3 Nh6g8
29.Kf2 Rc8a8
30.Kf3 Ng8e7
31.Be6f7 Re8f8
32.Rd7xe7 Kh7
33.Rd1d7 c5
34.Bf7e6 Ra8d8
35.Re7xg7 { resign }
1-0

[Event "Match"]
[Site "www.echecsemail.com"]
[Date "2017.11.11"]
[Round "1"]
[White "Bojan"]
[Black "Ssharp"]
[WhiteElo "2010"]
[BlackElo "2240"]
[Result "0-1"]
[Round "1"]
1.e4 e5
2.Ng1f3 Ng8f6
3.d3 Nb8c6
4.Bc1d2 Bf8c5
5.h3 h6
6.Nb1c3 O-O
7.a3 a5
8.Nf3h2 d5
9.Qd1f3 Nc6d4
10.Qf3d1 c6
11.exd5 cxd5
12.Nh2f3 Nd4c6
13.Nc3e2 e4
14.Nf3h2 exd3
15.cxd3 Qd8b6
16.Bd2c3 Bc5xf2
17.Kd2 d4
18.Ne2xd4 Nc6xd4
19.Nh2f3 Nd4b3
{ resign }
0-1

[Event "Match"]
[Site "www.echecsemail.com"]
[Date "2017.11.11"]
[Round "1"]
[White "Apdash"]
[Black "Geodad5"]
[WhiteElo "1920"]
[BlackElo "2090"]
[Result "0-1"]
[Round "1"]
1.e4 e5
2.Nb1c3 Ng8f6
3.Bf1c4 d6
4.Ng1e2 Bf8e7
5.d4 exd4
6.Ne2xd4 O-O
7.f3 c6
8.Bc1e3 Qd8c7
9.O-O b5
10.Bc4e2 Bc8b7
11.Nd4f5 Rf8e8
12.Qd1e1 Nb8d7
13.Qe1g3 Be7f8
14.Nf5h6 Kh8
15.Nh6xf7 Kg8
16.Nf7h6 Kh8
17.Nh6f5 Nd7e5
18.f4 Ne5g6
19.e5 dxe5
20.fxe5 Qc7xe5
21.Qg3xe5 Ng6xe5
22.Be3d4 Ne5d7
23.Ra1e1 a6
24.Bd4xf6 Nd7xf6
25.Be2f3 Re8xe1
26.Rf1xe1 g6
27.Re1e6 Nf6d5
28.Bf3xd5 cxd5
29.Nf5d6 Bf8xd6
30.Re6xd6 Ra8c8
31.a3 Rc8c7
32.Kf2 Kg7
33.g4 Rc7f7
34.Ke2 Kf8
35.Nc3xd5 Kg7
36.h3 h6
37.b3 g5
38.c4 bxc4
39.bxc4 Bb7xd5
40.cxd5 Rf7a7
41.Kd3 a5
42.Kd4 a4
43.Ke5 Ra7b7
44.Ke6 Rb7b3
45.Rd6c6 Rb3xa3
46.d6 Ra3e3
47.Kd5 Re3xh3
48.Ke6 Rh3e3
49.Kd7 a3
50.Kc7 a2
51.Rc6a6 Re3c3
52.Kd8 Rc3c6
53.Ra6xa2 Rc6xd6
54.Ke7 Rd6d4
55.Ra2g2 Rd4e4
56.Kd6 Kg6
57.Kd5 Re4f4
58.Ke5 h5
59.gxh5 Kxh5
60.Rg2g1 Rf4f3
61.Ke4 g4
62.Rg1h1 Kg5
63.Rh1h8 Rf3f6
64.Rh8g8 Kh4
65.Rg8h8 Kg3
66.Rh8e8 Kg2
67.Ke3 g3
68.Ke2 Kg1
69.Re8d8 g2
70.Rd8e8 Rf6f5
71.Re8e7 Rf5h5
72.Re7g7 Kh2
73.Kf2 Rh5f5
74.Ke2 g1Q
{ resign }
0-1

[Event "Match"]
[Site "www.echecsemail.com"]
[Date "2017.11.11"]
[Round "1"]
[White "Gidi5"]
[Black "Hundegana"]
[WhiteElo "1499"]
[BlackElo "2030"]
[Result "1-0"]
[Round "1"]
1.e4 c5
2.Ng1f3 e6
3.Nb1c3 a6
4.d4 b6
5.Bf1e2 Bc8b7
6.O-O Ng8f6
7.d5 exd5
8.exd5 d6
9.Bc1g5 h6
10.Rf1e1 Bf8e7
11.Bg5xf6 gxf6
12.Nf3h4 Nb8d7
13.Nh4f5 Kf8
14.Be2h5 Nd7e5
15.f4 Bb7c8
16.Nf5xe7 Qd8xe7
17.fxe5 fxe5
18.Re1f1 f5
19.Bh5g6 Qe7g5
20.Bg6xf5 Bc8xf5
21.Qd1f3 Ke7
22.Qf3xf5 Qg5xf5
23.Rf1xf5 Ra8f8
24.Rf5xf8 Rh8xf8
25.Ra1f1 Rf8g8
26.Nc3e4 b5
27.Rf1f6 Rg8g4
28.Rf6e6 Kf7
29.Ne4xd6 Kg7
30.Nd6f5 Kh7
31.Re6xh6 Kg8
32.d6 Rg4f4
33.d7 Rf4xf5
34.d8Q Kg7
35.Qd8h8 Kf7
36.Qh8h7 Ke8
37.Qh7xf5 c4
38.Qf5c8 Kf7
39.Qc8e6 Kg7
40.Qe6f6 Kg8
41.Rh6h8 
1-0

[Event "Match"]
[Site "www.echecsemail.com"]
[Date "2017.11.11"]
[Round "1"]
[White "Joaodelisboa"]
[Black "Karlgrocer"]
[WhiteElo "1899"]
[BlackElo "2020"]
[Result "1/2-1/2"]
[Round "1"]
1.e4 c5
2.Ng1f3 d6
3.d4 cxd4
4.Nf3xd4 e6
5.Nb1c3 Bf8e7
6.Bf1e2 Ng8f6
7.O-O O-O
8.Bc1g5 a6
9.a4 Bc8d7
10.Kh1 Nb8c6
11.f4 Nc6xd4
12.Qd1xd4 Bd7c6
13.Be2f3 Nf6e8
14.Bg5xe7 Qd8xe7
15.Ra1d1 e5
16.fxe5 dxe5
17.Qd4c4 Ne8f6
18.Rd1d2 Ra8c8
19.Qc4b3 Rc8d8
20.Rf1d1 Rd8xd2
21.Rd1xd2 g6
22.Qb3b6 Kg7
23.b4 Rf8c8
24.b5 axb5
25.axb5 Bc6e8
26.Qb6e3 Qe7b4
27.Nc3d1 Qb4xb5
28.Bf3e2 Qb5c6
29.Nd1f2 Rc8a8
30.h3 Ra8a4
31.Be2d3 Qc6c3
32.Rd2e2 Be8c6
33.Kh2 Nf6h5
34.g3 Nh5f6
35.Kg2 Ra4a3
36.Kh2 { draw }
1/2-1/2

[Event "Match"]
[Site "www.echecsemail.com"]
[Date "2017.11.11"]
[Round "1"]
[White "Whitekknight"]
[Black "Ditto"]
[WhiteElo "1940"]
[BlackElo "1920"]
[Result "0-1"]
[Round "1"]
1.e4 e5
2.Ng1f3 Nb8c6
3.Bf1c4 Ng8f6
4.Nf3g5 d5
5.exd5 Nc6d4
6.c3 Nd4f5
7.Qd1b3 Nf5d6
8.O-O Bf8e7
9.Bc4d3 O-O
10.Qb3c2 e4
11.Ng5xe4 Nf6xd5
12.Ne4xd6 Be7xd6
13.Bd3xh7 Kh8
14.Bh7e4 Nd5f6
15.d4 g6
16.Bc1g5 Kg7
17.h4 Qd8e7
18.Nb1d2 c6
19.Rf1e1 Bc8e6
20.Nd2f3 Qe7d8
21.g3 Bd6e7
22.b3 Be6g4
23.Nf3e5 Bg4e6
24.Kg2 Nf6xe4
25.Bg5xe7 Qd8xe7
26.Qc2xe4 Be6d5
27.Qe4xd5 cxd5
28.Ne5f3 Qe7c7
29.Ra1c1 f6
30.Re1e3 Qc7c8
31.Nf3d2 Qc8f5
32.Rc1e1 Qf5c2
33.Re3e7 Rf8f7
34.Re7e2 Qc2xc3
{ resign }
0-1

[Event "Match"]
[Site "www.echecsemail.com"]
[Date "2017.11.11"]
[Round "1"]
[White "Pinehill"]
[Black "Darknight"]
[WhiteElo "2060"]
[BlackElo "1780"]
[Result "1-0"]
[Round "1"]
1.e4 e5
2.d4 exd4
3.Bf1c4 Ng8f6
4.e5 Qd8e7
5.Ng1f3 h6
6.O-O Nf6g4
7.h3 h5
8.hxg4 hxg4
9.Nf3h2 Qe7h4
10.Bc1f4 d6
11.exd6 Bf8xd6
12.Qd1xd4 f6
13.Rf1e1 Kd8
14.Bf4g3 Qh4h5
15.Bg3xd6 cxd6
16.Qd4xd6 Bc8d7
17.Nb1c3 Kc8
18.Re1e7 Rh8d8
19.Ra1d1 Qh5f5
20.Bc4e6 Qf5a5
21.Be6xd7 Nb8xd7
22.Re7xd7 Rd8xd7
23.Qd6xd7 Kb8
24.Nc3b5 a6
25.Qd7e8 { resign }
1-0

[Event "Match"]
[Site "www.echecsemail.com"]
[Date "2017.11.11"]
[Round "1"]
[White "Llord"]
[Black "Apdash"]
[WhiteElo "1930"]
[BlackElo "2230"]
[Result "1/2-1/2"]
[Round "1"]
1.e4 c5
2.Bf1c4 e6
3.Ng1f3 d5
4.exd5 exd5
5.Bc4b5 Bc8d7
6.Bb5xd7 Nb8xd7
7.O-O Bf8d6
8.d4 Ng8e7
9.Bc1g5 O-O
10.Rf1e1 c4
11.Nb1c3 f6
12.Bg5h4 Rf8e8
13.Nc3b5 Bd6b4
14.c3 a6
15.Nb5a3 Bb4xa3
{ draw }
1/2-1/2

[Event "1/16 Finale"]
[Site "www.chess-mail.com"]
[Date "2017.11.11"]
[Round "1"]
[White "Pdebonis"]
[Black "Vega"]
[WhiteElo "2660"]
[BlackElo "2490"]
[Result "1/2-1/2"]
[Round "1"]
1.d4 Ng8f6
2.c4 e6
3.Nb1c3 Bf8b4
4.Qd1c2 O-O
5.a3 Bb4xc3
6.Qc2xc3 b6
7.Bc1g5 Bc8b7
8.Ng1h3 h6
9.Bg5h4 d5
10.cxd5 exd5
11.Bh4xf6 Qd8xf6
12.Qc3xc7 Qf6xd4
13.Qc7xb7 { draw }
1/2-1/2

[Event "1/64 Finale"]
[Site "www.chess-mail.com"]
[Date "2017.11.11"]
[Round "1"]
[White "Szustan"]
[Black "Malbertan"]
[WhiteElo "2490"]
[BlackElo "1910"]
[Result "1-0"]
[Round "1"]
1.e4 e5
2.Ng1f3 Nb8c6
3.Nb1c3 Ng8f6
4.d4 d5
5.Nf3xe5 Nc6xe5
6.dxe5 Nf6xe4
7.Nc3xe4 dxe4
8.Qd1xd8 Kxd8
9.Bf1c4 Ke7
10.Bc4d5 c6
11.Bd5xe4 Ke6
12.f4 Bf8c5
13.Bc1d2 Bc8d7
14.O-O-O Ra8d8
15.g4 g6
16.f5 Ke7
17.Bd2g5 { resign }
1-0

[Event "Eq:Team USA-Super Chess Team : "]
[Site "www.chess-mail.com"]
[Date "2017.11.11"]
[Round "1"]
[White "Paulsyd"]
[Black "Uji40"]
[WhiteElo "2430"]
[BlackElo "2060"]
[Result "1-0"]
[Round "1"]
1.e4 e5
2.Ng1f3 Nb8c6
3.Bf1c4 Ng8f6
4.d3 d5
5.exd5 Nf6xd5
6.O-O Bf8e7
7.Rf1e1 f6
8.d4 exd4
9.Nf3h4 g6
10.Qd1f3 Nd5b6
11.Nh4xg6 hxg6
12.Qf3xf6 Kd7
13.Qf6e6 Ke8
14.Qe6xg6 Kd7
15.Bc4e6 Kd6
16.Be6xc8 Kc5
17.b4 Nc6xb4
18.c3 dxc3
19.Re1e5 Nb4d5
20.Bc8xb7 Ra8b8
21.Bc1a3 Kb5
22.Nb1xc3 Kc4
23.Qg6c6 Kd4
24.Ra1d1 Kxe5
25.Rd1e1 Kd4
26.Nc3b5 { resign }
1-0

[Event "Fast Game"]
[Site "www.echecsemail.com"]
[Date "2017.11.11"]
[Round "1"]
[White "Apdash"]
[Black "Pellix84"]
[WhiteElo "1860"]
[BlackElo "1690"]
[Result "1-0"]
[Round "1"]
1.e4 c5
2.Ng1f3 d6
3.d4 cxd4
4.Nf3xd4 a6
5.Nb1c3 e5
6.Nd4f3 Bc8e6
7.Nf3g5 Qd8c8
8.Qd1h5 Bf8e7
9.f4 Ng8f6
10.Qh5d1 Be6g4
11.Bf1e2 h6
12.fxe5 dxe5
13.Be2xg4 Nf6xg4
14.Ng5f3 Be7c5
15.Rh1f1 Nb8c6
16.h3 Ng4e3
17.Bc1xe3 Bc5xe3
18.Qd1d6 Qc8e6
19.Qd6d3 Be3d4
20.Nc3d5 Ra8c8
21.O-O-O O-O
22.Kb1 Rf8d8
23.g4 f6
24.Rf1g1 a5
25.Rg1g2 Nc6b4
26.Nd5xb4 axb4
27.Qd3b3 Qe6xb3
28.axb3 Bd4e3
29.Rd1xd8 Rc8xd8
30.c4 Be3f4
31.Kc2 Kf7
32.Nf3e1 g5
33.Ne1d3 Kg6
34.Nd3xb4 h5
35.Nb4d3 hxg4
36.hxg4 Bf4e3
37.Rg2e2 Be3d4
38.b4 b6
39.b5 Rd8h8
40.b4 Rh8a8
41.Kb3 Ra8a1
42.c5 Ra1b1
43.Kc4 bxc5
44.bxc5 Kf7
45.b6 Rb1xb6
46.cxb6 Bd4xb6
47.Kd5 Bb6d4
48.Re2a2 Ke7
49.Nd3b4 Kd7
50.Nb4c6 Bd4b6
51.Ra2b2 Bb6c7
52.Rb2f2 { resign }
1-0

[Event "Tourn. n9560"]
[Site "www.chess-mail.com"]
[Date "2017.11.12"]
[Round "1"]
[White "Tonino1"]
[Black "Francesco"]
[WhiteElo "2190"]
[BlackElo "2140"]
[Result "0-1"]
[Round "1"]
1.d4 d5
2.f4 Bc8f5
3.e3 e6
4.Bf1d3 Bf5xd3
5.Qd1xd3 Ng8f6
6.Ng1f3 Nb8d7
7.O-O c5
8.c3 Bf8e7
9.Nb1d2 O-O
10.Nf3e5 cxd4
11.exd4 Ra8c8
12.Rf1f3 a6
13.Rf3h3 b5
14.g4 g6
15.g5 Nf6e8
16.Nd2f3 Ne8g7
17.Ne5g4 Ng7h5
18.Rh3xh5 gxh5
19.Ng4h6 Kh8
20.h4 Be7d6
21.Nf3e5 Nd7xe5
22.fxe5 Bd6e7
23.Bc1d2 Qd8b6
24.Qd3f3 b4
25.Qf3xh5 bxc3
 { time }
0-1

[Event "Tourn. n9588"]
[Site "www.chess-mail.com"]
[Date "2017.11.12"]
[Round "1"]
[White "Julian"]
[Black "Passaroa25"]
[WhiteElo "1560"]
[BlackElo "1670"]
[Result "1-0"]
[Round "1"]
1.e4 c6
2.d4 e6
3.Ng1f3 f6
4.d5 e5
5.Nb1c3 Ng8e7
6.Bf1c4 Ne7g6
7.O-O Bf8e7
8.d6 Be7f8
9.Nc3d5 cxd5
10.Qd1xd5 Nb8c6
11.Qd5f7 
1-0

[Event "Tourn. n9588"]
[Site "www.chess-mail.com"]
[Date "2017.11.12"]
[Round "1"]
[White "Passaroa25"]
[Black "Jjmcbride"]
[WhiteElo "1670"]
[BlackElo "1610"]
[Result "0-1"]
[Round "1"]
1.e4 e5
2.Ng1e2 Ng8f6
3.Ne2g3 c6
4.c3 d5
5.d3 Nf6g4
6.Ng3f5 Bc8xf5
7.exf5 Ng4f6
8.f3 d4
9.Bf1e2 dxc3
10.bxc3 Bf8c5
11.g4 Nf6d5
12.Bc1d2 g6
13.a3 Qd8h4
14.Kf1 Qh4f2

0-1

[Event "Tourn. n9446"]
[Site "www.chess-mail.com"]
[Date "2017.11.12"]
[Round "1"]
[White "Pdebonis"]
[Black "Gvladutz"]
[WhiteElo "2640"]
[BlackElo "2329"]
[Result "1-0"]
[Round "1"]
1.d4 Ng8f6
2.c4 g6
3.Nb1c3 d5
4.cxd5 Nf6xd5
5.e4 Nd5xc3
6.bxc3 Bf8g7
7.Ng1f3 c5
8.Bc1e3 Qd8a5
9.Qd1d2 O-O
10.Ra1c1 e6
11.Be3h6 Nb8c6
12.h4 f6
13.Bh6xg7 Kxg7
14.h5 g5
15.e5 cxd4
16.exf6 Kxf6
17.Bf1d3 h6
18.O-O e5
19.Bd3e4 Rf8d8
20.Rf1e1 dxc3
21.Qd2e3 Nc6e7
22.g4 Bc8xg4
23.Be4xb7 Ra8b8
24.Nf3xe5 Rb8xb7
25.Ne5xg4 Kg7
26.Qe3f3 Ne7d5
27.Qf3f5 Qa5c7
28.Qf5g6 Kf8
29.Re1e5 Qc7g7
30.Qg6c6 Qg7d7
31.Qc6xh6 Qd7g7
32.Qh6c6 Qg7d7
33.Qc6c5 Nd5e7
34.Re5xg5 Qd7d4
35.Qc5xc3 Qd4xc3
36.Rc1xc3 Rb7b1
37.Kg2 Rd8d1
38.Rc3f3 Ke8
39.Rf3a3 Ne7c6
40.h6 Rd1h1
41.h7 Rb1g1
42.Kf3 Rg1xg4
43.Kxg4 Rh1xh7
44.Rg5c5 Rh7g7
45.Kh5 Nc6d8
46.f4 Nd8e6
47.Rc5e5 Rg7e7
48.Ra3e3 Ne6xf4
49.Kg5 Nf4h3
50.Kh4 Re7xe5
51.Re3xe5 Kd7
52.Kxh3 Kc7
53.Kg4 Kc6
54.Kf5 Kd6
55.a4 Kc7
56.Ke6 Kc6
57.a5 a6
58.Re5d5 Kc7
59.Rd5d6 Kb7
60.Kd7 Kb8
61.Kc6 Kc8
62.Kb6 Kb8
63.Rd6d8 { resign }
1-0

[Event "Tourn. n9584"]
[Site "www.chess-mail.com"]
[Date "2017.11.12"]
[Round "1"]
[White "Jazzy"]
[Black "Tartan"]
[WhiteElo "2240"]
[BlackElo "2560"]
[Result "0-1"]
[Round "1"]
1.Ng1f3 d5
2.b3 c5
3.Bc1b2 f6
4.d4 cxd4
5.Nf3xd4 e5
6.Nd4f3 Nb8c6
7.e3 Bc8e6
8.Bf1e2 Bf8b4
9.c3 Bb4c5
10.O-O Ng8e7
11.b4 Bc5b6
12.Qd1b3 Qd8d7
13.b5 Nc6a5
14.Qb3d1 Na5c4
15.Be2xc4 dxc4
16.Qd1xd7 Be6xd7
17.a4 Bd7f5
18.Nb1d2 Bf5d3
19.Rf1e1 Bb6a5
20.e4 Ne7g6
21.g3 O-O
22.Ra1c1 Rf8d8
23.Bb2a3 a6
24.h4 Ng6f8
25.Ba3b4 Ba5xb4
26.cxb4 axb5
27.axb5 Ra8a3
28.Kg2 c3
29.Nd2b1 Bd3xb1
30.Rc1xb1 Rd8c8
31.Nf3g1 Nf8e6
32.Ng1e2 Ne6d4
{ resign }
0-1

[Event "Tourn. n9610"]
[Site "www.chess-mail.com"]
[Date "2017.11.12"]
[Round "1"]
[White "Bojan"]
[Black "Apdash"]
[WhiteElo "2050"]
[BlackElo "2240"]
[Result "0-1"]
[Round "1"]
1.e4 f5
2.e5 c5
3.f4 d6
4.d4 cxd4
5.Qd1xd4 e6
6.Ng1f3 Nb8c6
7.Qd4d1 d5
8.Bc1e3 Ng8h6
9.h3 Nh6f7
10.a3 Bf8e7
11.g3 Bc8d7
12.Nb1d2 Qd8c7
13.Nd2b3 Nc6a5
14.Ra1c1 Na5c4
15.Be3d4 b6
16.Rh1h2 a5
17.Nb3d2 b5
18.Rc1a1 Be7c5
19.Bd4c3 Nc4e3
20.Qd1c1 Qc7b6
21.b4 axb4
22.axb4 Ra8xa1
23.Qc1xa1 Ne3xc2
24.Kd1 Nc2xa1
25.Bc3xa1 Bc5xb4
26.Nd2b3 Qb6e3
27.Nb3d4 Ke7
28.Ba1b2 Rh8c8
29.Rh2e2 Qe3d3
{ resign }
0-1

[Event "Tourn. n9563"]
[Site "www.chess-mail.com"]
[Date "2017.11.12"]
[Round "1"]
[White "Prize64"]
[Black "Nulladies"]
[WhiteElo "1950"]
[BlackElo "1940"]
[Result "1-0"]
[Round "1"]
1.e4 c5
2.Ng1f3 g6
3.c4 Nb8c6
4.d4 cxd4
5.Nf3xd4 Bf8g7
6.Bc1e3 d6
7.Nb1c3 Ng8f6
8.f3 O-O
9.Qd1d2 Bc8d7
10.Bf1e2 Nc6xd4
11.Be3xd4 e5
12.Bd4e3 Nf6h5
13.O-O f5
14.Qd2xd6 Rf8f6
15.Qd6xe5 Rf6e6
16.Qe5d5 Nh5f6
17.Qd5d3 Bd7c6
18.Qd3xd8 Ra8xd8
19.Ra1d1 Rd8xd1
20.Rf1xd1 fxe4
21.fxe4 Nf6xe4
22.Nc3xe4 Re6xe4
23.Kf2 Bg7xb2
24.Be3xa7 Re4xc4
25.Be2xc4 Kg7
26.Ba7d4 Bb2xd4
27.Rd1xd4 Kh6
28.Bc4d5 Bc6xd5
29.Rd4xd5 b6
30.Rd5b5 { resign }
1-0

[Event "Match"]
[Site "www.echecsemail.com"]
[Date "2017.11.12"]
[Round "1"]
[White "Et1"]
[Black "Biggles"]
[WhiteElo "1809"]
[BlackElo "2170"]
[Result "0-1"]
[Round "1"]
1.Ng1f3 Ng8f6
2.d4 e6
3.g3 b6
4.Bf1g2 Bc8b7
5.Nb1c3 Bf8b4
6.Bc1d2 O-O
7.O-O d5
8.a3 Bb4d6
9.e3 Nb8d7
10.Nc3e2 Bb7a6
11.Nf3e1 Nf6e4
12.Bg2xe4 dxe4
13.c3 Qd8g5
14.f4 exf3
15.Ne1xf3 Qg5g4
16.b4 Nd7f6
17.Kg2 Nf6e4
18.h3 Qg4g6
19.g4 h5
20.Nf3h4 Qg6g5
21.Nh4f3 Qg5e7
22.Bd2c1 h4
23.Qd1c2 Ba6xe2
24.Qc2xe2 Ne4g3
25.Qe2f2 Ng3xf1
26.Qf2xf1 Bd6g3
 { time }
0-1